The Weeknd Songs - Sudden Death - Statistics

General Stats
  • This quiz has been taken 2,587 times
  • The average score is 21 of 50
Answers on the Grid
Answers color-coded by a green-red scale on the quiz's grid according to % correct below.
Acquainted
Adaptation
Angel
As You Are
Baptized In Fear
Before Seconds
Best Friends
Best Song
Blinding Lights
Call Out My Name
Can't Feel My Face
Creeping On You
Dark Times
Deafening Tones
Devil Strikes Again
Dirty Diana
Don’t Break My Heart
Drive
Everything Is Lost
False Alarm
Give Me Good Time
The Animals Part IV
Hardest To Love
Hate From My Heart
Heartless
Here We Go… Again
High For This
House Of Balloons / Glass Table Girls
Hurry Up Tomorrow
I Feel It Coming
I Was Never There
In Your Face
Initiation
King Of The Fall
Kiss Land
Less Than Infinity
Losers
Montreal
Niagara Falls
One Love
Open Hearts
Out Of Fries
Out Of Line
Out of Time
Party Killer
Party Monster
Petroleum
Popular
Professional
Red Terror
Remain Deer
Rockin’
Rolling Stone
Sacrifice
Save Your Money
Save Your Tears
Scared To Live
Shameful Remorse
Shameless
Starboy
Stargirl Interlude
Starnight
Take Me Back To LA
The Hills
The Morning
The Valleys
The Zone
Timewaste
True Colors
True Crimes
Valerie
Wanderlust
What You Need
Wicked Games
Winners Prize
 
Answer Stats
Answer % Correct
Blinding Lights
66%
Starboy
66%
The Hills
66%
Can't Feel My Face
65%
Save Your Tears
64%
Call Out My Name
62%
Heartless
61%
I Feel It Coming
61%
House Of Balloons / Glass Table Girls
55%
Popular
55%
Stargirl Interlude
55%
Party Monster
54%
Wicked Games
52%
I Was Never There
51%
Hurry Up Tomorrow
49%
Kiss Land
48%
Out of Time
47%
Sacrifice
45%
Acquainted
44%
High For This
44%
Take Me Back To LA
44%
The Morning
44%
Baptized In Fear
43%
False Alarm
41%
Niagara Falls
41%
Montreal
39%
Shameless
38%
Open Hearts
36%
What You Need
36%
Hardest To Love
35%
Wanderlust
35%
Angel
34%
Scared To Live
34%
The Zone
34%
King Of The Fall
33%
Red Terror
33%
True Colors
33%
Valerie
33%
As You Are
32%
Best Friends
32%
Dark Times
30%
Drive
30%
Rockin’
30%
Here We Go… Again
29%
Professional
29%
Don’t Break My Heart
28%
Rolling Stone
27%
Adaptation
26%
Initiation
26%
Losers
26%
No matching quizzes found
Score Distribution
Percent of People with Each Score
Percentile by Number Answered
Your Score History
You have not taken this quiz